Представление документа в формате RUSMARC

ПолеНазваниеЗначение
  Тип записи a
  Библиографический уровень m
001 Контрольный номер RU/SLIB/B/208732460
005 Дата корректировки 20241118122045.9
010 Индекс ISBN __
d Цена 22900-00
101 Язык документа 0_
a Язык текста rus
200 Заглавие и сведения об ответственности 0_
a Заглавие Терроризм - глобальная проблема современности
f Первые сведения об ответственности Ин-т междунар. права и экономики
b Общее обозначение материала Текст
210 Выходные данные 1_
a Место издания М.
c Издательство Гардарика
d Дата издания 1996
215 Физическое описание __
a Объем 74 с.
606 Тематические рубрики __
a Основная рубрика Политика. Политология
610 Ключевые слова 0_
a Ключевые слова терроризм
686 Индексы других классификаций __
a Классификационный индекс 66.041.33
700 Автор _0
a Фамилия Замковой
b Имя В.
4 Код отношения 070
701 Альтернативная интеллектуальная ответственность _1
a Фамилия Ильчиков
b Имя М.
801 Источник записи _0
a Страна RU
b Организация Муниципальное бюджетное учреждение культуры "Централизованная библиотечная система" г. Сургут (Центральная городская библиотека им. А. С. Пушкина)
g Правила каталогизации КиК/Лебедева
801 Источник записи _1
a Страна RU
b Организация Муниципальное бюджетное учреждение культуры "Централизованная библиотечная система" г. Сургут (Центральная городская библиотека им. А. С. Пушкина)
g Правила каталогизации КиК/Лебедева
852 Данные о местонахождении __
j Шифр хранения 66.041.33
c Каталожный индекс 66.4(0)
i Авторский знак З-26
p Инвентарный номер 60804
901 Тип документа __
t Тип документа m
990 Данные о заказе (DOS) __
j Количество экземпляров (DOS) 1
t N записи в КСУ для И/У (DOS) 199701